[Event "SVK-ch Open 2018"]
[Site "Banska Stiavnica"]
[Date "2018.07.11"]
[Round "5"]
[White "Jozefek, Michal"]
[Black "Zatko, Gregor"]
[Result "1-0"]
[WhiteElo "2182"]
[BlackElo "2144"]
[Annotator "NA"]
[PlyCount "85"]
[EventDate "2018.07.07"]
[EventType "swiss"]
[EventCountry "SVK"]
[SourceTitle "playchess.com"]
[Source "ChessBase"]
[SourceQuality "1"]
[TimeControl "40/5400+30:1800+30"]

1. Nf3 {[%emt 0:00:00]} c5 {[%emt 0:00:00]} 2. c4 {[%emt 0:00:32]} Nf6 {[%emt 0:00:00]} 3. Nc3 {[%emt 0:00:10]} Nc6 {[%emt 0:00:42]} 4. d4 {[%emt 0:02:02]} cxd4 {[%emt 0:03:52]} 5. Nxd4 {[%emt 0:00:02]} e6 {[%emt 0:04:53]} 6. Ndb5 {[%emt 0:04:35]} Bb4 $11 {[%emt 0:03:35] LiveBook: 110 Games} 7. Nd6+ {[%emt 0:02:32]} Ke7 {[%emt 0:00:20]} 8. Bf4 {[%emt 0:07:21]} Nh5 {[%emt 0:14:35]} 9. Bg5+ {[%emt 0:03:34]} f6 {[%emt 0:00:17]} 10. Nxc8+ {[%emt 0:00:45]} Rxc8 {[%emt 0:00:15]} 11. Bd2 {[%emt 0:00:18]} g6 {[%emt 0:04:18]} 12. e4 {[%emt 0:01:22]} Qb6 {[%emt 0:06:03]} 13. Be2 {[%emt 0:04:12]} Ne5 {[%emt 0:02:39]} 14. Qb3 {[%emt 0:01:35]} Bc5 {[%emt 0:02:30]} 15. O-O {[%emt 0:01:21]} Qc7 {[%emt 0:03:16]} 16. Rad1 {[%emt 0:06:16]} Nc6 {[%emt 0:04:50]} 17. Nb5 {[%emt 0:07:33]} Qe5 {[%emt 0:04:36]} 18. Qd3 {[%emt 0:04:04]} Rhd8 {[%emt 0:07:16]} 19. Bc3 {[%emt 0:00:43]} Qg5 {[%emt 0:00:41]} 20. Bxh5 {[%emt 0:01:06]} Qxh5 {[%emt 0:02:26]} 21. a3 {[%emt 0:05:25]} a5 {[%emt 0:02:09]} 22. Kh1 {[%emt 0:06:33]} Ne5 {[%emt 0:05:28]} 23. Bxe5 {[%emt 0:01:51]} Qxe5 {[%emt 0:00:22]} 24. f4 {[%emt 0:00:44]} Qh5 {[%emt 0:01:02]} 25. Rf3 {[%emt 0:00:45]} Qh6 {[%emt 0:03:13]} 26. Qd2 {[%emt 0:05:59]} d6 {[%emt 0:07:23]} 27. b4 {[%emt 0:00:46]} axb4 {[%emt 0:01:16]} 28. axb4 {[%emt 0:00:02]} Bb6 {[%emt 0:00:17]} 29. Rh3 {[%emt 0:03:18]} Qg7 {[%emt 0:00:20]} 30. Nxd6 {[%emt 0:00:56]} Rxc4 {[%emt 0:01:25]} 31. Nxc4 {[%emt 0:00:31]} Rxd2 {[%emt 0:00:17]} 32. Rxd2 {[%emt 0:00:47]} Bc7 {[%emt 0:00:51]} 33. Rhd3 {[%emt 0:00:28]} Ke8 {[%emt 0:00:06]} 34. Nd6+ {[%emt 0:00:23]} Bxd6 {[%emt 0:01:10]} 35. Rxd6 {[%emt 0:00:03]} Qe7 {[%emt 0:00:11]} 36. g3 {[%emt 0:05:22]} g5 {[%emt 0:10:28]} 37. Kg2 {[%emt 0:03:20]} gxf4 {[%emt 0:00:30]} 38. gxf4 {[%emt 0:00:02]} Qg7+ {[%emt 0:04:48]} 39. Kf3 {[%emt 0:00:13]} Qh6 {[%emt 0:00:00]} 40. Rd8+ {[%emt 0:00:13]} Kf7 {[%emt 0:00:04]} 41. R2d7+ {[%emt 0:30:09]} Kg6 {[%emt 0:30:11]} 42. Rg8+ {[%emt 0:00:05]} Kh5 {[%emt 0:00:05]} 43. Rgg7 1-0

[Event "SVK-ch Open 2018"]
[Site "Banska Stiavnica"]
[Date "2018.07.11"]
[Round "5"]
[White "Macko, Michal"]
[Black "Jablonicky, Martin"]
[Result "1-0"]
[WhiteElo "2158"]
[BlackElo "2356"]
[Annotator "NA"]
[PlyCount "77"]
[EventDate "2018.07.07"]
[EventType "swiss"]
[EventCountry "SVK"]
[SourceTitle "playchess.com"]
[Source "ChessBase"]
[SourceQuality "1"]
[TimeControl "40/5400+30:1800+30"]

1. c4 {[%emt 0:00:00]} g6 {[%emt 0:00:00]} 2. g3 {[%emt 0:00:00]} Bg7 {[%emt 0:00:00]} 3. Bg2 {[%emt 0:00:04]} Nf6 {[%emt 0:00:11]} 4. Nc3 {[%emt 0:00:11]} O-O {[%emt 0:00:06]} 5. e4 {[%emt 0:00:06]} d6 {[%emt 0:00:04]} 6. Nge2 {[%emt 0:00:04]} c5 {[%emt 0:00:23] LiveBook: 718 Games} 7. O-O {[%emt 0:00:07]} Nc6 {[%emt 0:00:04]} 8. d3 {[%emt 0:00:04]} a6 {[%emt 0:00:04]} 9. a4 {[%emt 0:00:10]} Ne8 {[%emt 0:00:39]} 10. Be3 {[%emt 0:00:56]} Nc7 {[%emt 0:00:23]} 11. d4 {[%emt 0:02:56]} cxd4 {[%emt 0:00:24]} 12. Nxd4 {[%emt 0:00:05]} Ne6 {[%emt 0:06:07]} 13. Nde2 {[%emt 0:00:14]} Nc5 {[%emt 0:04:47]} 14. Rb1 {[%emt 0:12:04]} Nb4 {[%emt 0:01:04]} 15. b3 {[%emt 0:05:58]} Rb8 $14 {[%emt 0:06:22]} 16. Qd2 {[%emt 0:02:15]} Bd7 {[%emt 0:02:37]} 17. Rfd1 {[%emt 0:10:30]} Qc8 {[%emt 0:05:55]} 18. a5 {[%emt 0:12:30]} b6 {[%emt 0:05:09]} 19. axb6 {[%emt 0:02:24]} Rxb6 {[%emt 0:00:20]} 20. Bd4 {[%emt 0:04:25]} Bxd4 {[%emt 0:05:16]} 21. Nxd4 {[%emt 0:00:07]} Qb8 {[%emt 0:07:07]} 22. h3 {[%emt 0:05:13]} Re8 {[%emt 0:18:40]} 23. Nf3 {[%emt 0:06:39]} Nc6 {[%emt 0:03:40]} 24. Qh6 {[%emt 0:01:37]} f6 {[%emt 0:05:26]} 25. e5 {[%emt 0:05:30]} Nxe5 {[%emt 0:07:09]} 26. Nxe5 {[%emt 0:00:29]} fxe5 {[%emt 0:01:05]} 27. Ne4 {[%emt 0:05:33]} Nxe4 {[%emt 0:04:42]} 28. Bxe4 {[%emt 0:00:07]} Bf5 {[%emt 0:00:17]} 29. Bxf5 {[%emt 0:00:09]} gxf5 {[%emt 0:00:03]} 30. Qg5+ {[%emt 0:00:13]} Kh8 {[%emt 0:00:03]} 31. Qxf5 {[%emt 0:00:09]} Rxb3 {[%emt 0:00:25]} 32. c5 {[%emt 0:00:09]} Rxb1 {[%emt 0:01:53]} 33. Rxb1 {[%emt 0:01:31]} Qc8 {[%emt 0:00:31]} 34. Qf7 {[%emt 0:03:22]} Rf8 {[%emt 0:00:14]} 35. Qxe7 {[%emt 0:00:34]} Qf5 {[%emt 0:00:01]} 36. Rb2 {[%emt 0:00:21]} d5 {[%emt 0:04:21]} 37. c6 {[%emt 0:00:08]} d4 {[%emt 0:04:04]} 38. Qxf8+ {[%emt 0:00:59]} Qxf8 {[%emt 0:01:13]} 39. c7 {[%emt 0:00:05]} 1-0

[Event "SVK-ch Open 2018"]
[Site "Banska Stiavnica"]
[Date "2018.07.11"]
[Round "5"]
[White "Cech, Dominik"]
[Black "Urhegyi, Marton"]
[Result "0-1"]
[WhiteElo "2151"]
[BlackElo "2303"]
[Annotator "NA"]
[PlyCount "82"]
[EventDate "2018.07.07"]
[EventType "swiss"]
[EventCountry "SVK"]
[SourceTitle "playchess.com"]
[Source "ChessBase"]
[SourceQuality "1"]
[TimeControl "40/5400+30:1800+30"]

1. e4 {[%emt 0:05:33]} e6 {[%emt 0:00:05]} 2. d3 {[%emt 0:00:16]} d5 {[%emt 0:02:40]} 3. Nd2 {[%emt 0:02:40]} Nf6 {[%emt 0:02:56]} 4. Ngf3 {[%emt 0:00:59]} b6 {[%emt 0:01:38]} 5. c3 {[%emt 0:04:00]} Bb7 {[%emt 0:00:43]} 6. Qa4+ {[%emt 0:08:43]} Nfd7 {[%emt 0:01:45]} 7. e5 {[%emt 0:04:51]} c5 $11 {[%emt 0:02:48]} 8. Qg4 {[%emt 0:08:49]} Nc6 {[%emt 0:01:47]} 9. Qa4 {[%emt 0:06:46]} Qc7 {[%emt 0:04:00]} 10. d4 {[%emt 0:01:47]} cxd4 {[%emt 0:02:38]} 11. cxd4 {[%emt 0:01:27]} Nb4 {[%emt 0:02:53]} 12. Kd1 {[%emt 0:00:33]} Be7 {[%emt 0:13:57]} 13. a3 {[%emt 0:02:23]} Nc6 {[%emt 0:04:33]} 14. Bd3 {[%emt 0:08:52]} a6 {[%emt 0:08:01]} 15. Qc2 {[%emt 0:04:20]} b5 {[%emt 0:09:34]} 16. Bxh7 {[%emt 0:05:38]} Qb6 {[%emt 0:02:09]} 17. Nb3 {[%emt 0:01:48]} a5 {[%emt 0:04:09]} 18. Be3 {[%emt 0:01:05]} Rc8 {[%emt 0:02:15]} 19. Rc1 {[%emt 0:09:36]} a4 {[%emt 0:02:38]} 20. Nbd2 {[%emt 0:06:36]} b4 {[%emt 0:01:14]} 21. Bd3 {[%emt 0:01:44]} Qa5 {[%emt 0:13:52]} 22. axb4 {[%emt 0:02:03]} Nxb4 {[%emt 0:00:51]} 23. Qb1 {[%emt 0:00:32]} Rxc1+ {[%emt 0:01:06]} 24. Kxc1 {[%emt 0:00:07]} a3 {[%emt 0:03:43]} 25. Nb3 {[%emt 0:01:03]} a2 {[%emt 0:02:06]} 26. Nxa5 {[%emt 0:01:34]} Nxd3+ {[%emt 0:00:22]} 27. Kd2 {[%emt 0:02:46]} axb1=Q {[%emt 0:00:11]} 28. Rxb1 {[%emt 0:00:25]} Bb4+ {[%emt 0:03:10]} 29. Kxd3 {[%emt 0:00:17]} Bxa5 {[%emt 0:00:15]} 30. b4 {[%emt 0:03:38]} Bb6 {[%emt 0:00:06]} 31. h4 {[%emt 0:00:15]} O-O {[%emt 0:00:36]} 32. g4 {[%emt 0:01:19]} Ra8 {[%emt 0:01:04]} 33. h5 {[%emt 0:00:57]} Bd8 {[%emt 0:00:52]} 34. h6 {[%emt 0:01:27]} Ra3+ {[%emt 0:02:33]} 35. Ke2 {[%emt 0:00:19]} Ra2+ {[%emt 0:00:55]} 36. Nd2 {[%emt 0:01:19]} Nb6 {[%emt 0:00:49]} 37. hxg7 {[%emt 0:00:58]} Nc4 {[%emt 0:00:41]} 38. f4 {[%emt 0:00:44]} Ba6 {[%emt 0:00:51]} 39. b5 {[%emt 0:00:28]} Na3 {[%emt 0:01:10]} 40. bxa6 {[%emt 0:00:24]} Nxb1 {[%emt 0:00:17]} 41. a7 {[%emt 0:01:17]} Nxd2 {[%emt 0:02:39]} 0-1

[Event "SVK-ch Open 2018"]
[Site "Banska Stiavnica"]
[Date "2018.07.11"]
[Round "5"]
[White "Demeter, Peter"]
[Black "Sarkozy, Ladislav"]
[Result "1/2-1/2"]
[WhiteElo "2146"]
[BlackElo "2247"]
[Annotator "NA"]
[PlyCount "34"]
[EventDate "2018.07.07"]
[EventType "swiss"]
[EventCountry "SVK"]
[SourceTitle "playchess.com"]
[Source "ChessBase"]
[SourceQuality "1"]
[TimeControl "40/5400+30:1800+30"]

1. c4 {[%emt 0:00:00]} c5 {[%emt 0:00:02]} 2. g3 {[%emt 0:00:00]} Nf6 {[%emt 0:00:08]} 3. Bg2 {[%emt 0:00:00]} d5 {[%emt 0:00:12]} 4. cxd5 {[%emt 0:00:00]} Nxd5 {[%emt 0:00:07]} 5. Nc3 {[%emt 0:00:02]} Nc7 {[%emt 0:00:10]} 6. Nf3 {[%emt 0:01:19]} Nc6 {[%emt 0:00:17]} 7. O-O {[%emt 0:00:07]} e5 {[%emt 0:00:42]} 8. b3 {[%emt 0:00:37]} Be7 {[%emt 0:01:42]} 9. Bb2 {[%emt 0:00:07] LiveBook: 55 Games} O-O {[%emt 0:02:25]} 10. Rc1 {[%emt 0:02:13]} f6 {[%emt 0:01:13]} 11. Na4 {[%emt 0:07:29]} Na6 {[%emt 0:22:44]} 12. Ne1 $11 {[%emt 0:03:20]} Bd7 {[%emt 0:03:13]} 13. a3 {[%emt 0:06:24]} Rc8 {[%emt 0:01:21]} 14. Nd3 {[%emt 0:05:38]} b6 {[%emt 0:01:47]} 15. f4 {[%emt 0:00:50]} Bd6 {[%emt 0:04:52]} 16. fxe5 {[%emt 0:10:14]} fxe5 {[%emt 0:02:32]} 17. Rxf8+ {[%emt 0:00:52]} Qxf8 {[%emt 0:00:02]} 1/2-1/2

[Event "SVK-ch Open 2018"]
[Site "Banska Stiavnica"]
[Date "2018.07.11"]
[Round "5"]
[White "Hrbek, Stepan"]
[Black "Vojtek, Vladimir"]
[Result "1/2-1/2"]
[WhiteElo "2129"]
[BlackElo "2310"]
[Annotator "NA"]
[PlyCount "100"]
[EventDate "2018.07.07"]
[EventType "swiss"]
[EventCountry "SVK"]
[SourceTitle "playchess.com"]
[Source "ChessBase"]
[SourceQuality "1"]
[TimeControl "40/5400+30:1800+30"]

1. Nf3 {[%emt 0:00:00]} d5 {[%emt 0:04:15]} 2. e3 {[%emt 0:00:00]} Nf6 {[%emt 0:00:28]} 3. c4 {[%emt 0:00:00]} e6 {[%emt 0:00:35]} 4. b3 {[%emt 0:00:36]} c5 {[%emt 0:00:44]} 5. Bb2 {[%emt 0:02:58]} Nc6 {[%emt 0:01:44]} 6. cxd5 {[%emt 0:12:23]} exd5 {[%emt 0:01:30]} 7. Be2 {[%emt 0:04:46]} Bd6 $11 {[%emt 0:13:23] LiveBook: 44 Games} 8. O-O {[%emt 0:01:44]} O-O {[%emt 0:00:32]} 9. d4 {[%emt 0:01:03]} b6 {[%emt 0:10:56]} 10. Nc3 {[%emt 0:08:28]} Bb7 {[%emt 0:02:34]} 11. dxc5 {[%emt 0:04:32]} bxc5 {[%emt 0:01:10]} 12. Rc1 {[%emt 0:01:14]} Re8 {[%emt 0:19:16]} 13. Nb5 {[%emt 0:15:38]} Bf8 {[%emt 0:02:25]} 14. Bxf6 {[%emt 0:00:10]} gxf6 {[%emt 0:00:22]} 15. Nh4 {[%emt 0:04:40]} a6 {[%emt 0:05:07]} 16. Na3 {[%emt 0:07:17]} Ne5 {[%emt 0:03:50]} 17. Bg4 {[%emt 0:10:40]} Qa5 {[%emt 0:10:05]} 18. Nc2 {[%emt 0:05:27]} Qxa2 {[%emt 0:01:37]} 19. b4 {[%emt 0:03:57]} Qc4 {[%emt 0:09:57]} 20. Nd4 {[%emt 0:01:31]} Qxb4 {[%emt 0:02:38]} 21. Rb1 {[%emt 0:00:21]} Qa5 {[%emt 0:01:08]} 22. Rxb7 {[%emt 0:03:44]} cxd4 {[%emt 0:00:04]} 23. exd4 {[%emt 0:02:59]} Ng6 {[%emt 0:00:22]} 24. Qf3 {[%emt 0:00:19]} Re7 {[%emt 0:01:53]} 25. Rxe7 {[%emt 0:01:17]} Bxe7 {[%emt 0:00:45]} 26. Nf5 {[%emt 0:00:08]} Bf8 {[%emt 0:01:03]} 27. h4 {[%emt 0:02:38]} Rd8 {[%emt 0:00:42]} 28. h5 {[%emt 0:02:21]} Ne7 {[%emt 0:00:04]} 29. Ng3 {[%emt 0:01:41]} Qb6 {[%emt 0:00:14]} 30. Re1 {[%emt 0:01:16]} Qxd4 {[%emt 0:01:05]} 31. h6 {[%emt 0:00:23]} Ng6 {[%emt 0:01:30]} 32. Nh5 {[%emt 0:01:02]} Bxh6 {[%emt 0:00:10]} 33. Nxf6+ {[%emt 0:00:12]} Kh8 {[%emt 0:00:30]} 34. Qf5 {[%emt 0:00:55]} Qf4 {[%emt 0:00:46]} 35. Ra1 {[%emt 0:00:36]} Qxf5 {[%emt 0:01:03]} 36. Bxf5 {[%emt 0:00:04]} Rd6 {[%emt 0:00:55]} 37. Ne8 {[%emt 0:00:22]} Rb6 {[%emt 0:00:20]} 38. Nc7 {[%emt 0:00:09]} Ne7 {[%emt 0:01:14]} 39. Bd3 {[%emt 0:00:51]} Rb3 {[%emt 0:01:21]} 40. Bf1 {[%emt 0:00:42]} Kg7 {[%emt 0:00:41]} 41. Rxa6 {[%emt 0:06:16]} Bg5 {[%emt 0:06:26]} 42. Nxd5 {[%emt 0:01:53]} Rb2 {[%emt 0:05:59]} 43. Nxe7 {[%emt 0:02:21]} Bxe7 {[%emt 0:00:02]} 44. Rc6 {[%emt 0:00:14]} Bd8 {[%emt 0:00:10]} 45. Rc3 {[%emt 0:03:34]} h5 {[%emt 0:00:22]} 46. g3 {[%emt 0:03:06]} h4 {[%emt 0:00:21]} 47. Kg2 {[%emt 0:02:29]} Bb6 {[%emt 0:00:22]} 48. Rf3 {[%emt 0:00:26]} Rxf2+ {[%emt 0:00:30]} 49. Rxf2 {[%emt 0:00:09]} Bxf2 {[%emt 0:00:02]} 50. Kxf2 {[%emt 0:00:08]} hxg3+ {[%emt 0:00:05]} 1/2-1/2

[Event "SVK-ch Open 2018"]
[Site "Banska Stiavnica"]
[Date "2018.07.11"]
[Round "5"]
[White "Bronis, Marian"]
[Black "Chrenko, Kristian"]
[Result "1-0"]
[WhiteElo "2101"]
[BlackElo "1992"]
[Annotator "NA"]
[PlyCount "47"]
[EventDate "2018.07.07"]
[EventType "swiss"]
[EventCountry "SVK"]
[SourceTitle "playchess.com"]
[Source "ChessBase"]
[SourceQuality "1"]
[TimeControl "40/5400+30:1800+30"]

1. d4 {[%emt 0:00:00]} d5 {[%emt 0:00:00]} 2. Nf3 {[%emt 0:00:17]} Nf6 {[%emt 0:00:28]} 3. c4 {[%emt 0:02:24]} c6 {[%emt 0:00:23]} 4. e3 {[%emt 0:00:35]} a6 {[%emt 0:00:06]} 5. Bd3 {[%emt 0:00:51]} Bg4 {[%emt 0:07:29]} 6. O-O {[%emt 0:01:26]} Nbd7 {[%emt 0:02:54]} 7. Nbd2 {[%emt 0:07:15]} e6 {[%emt 0:06:46]} 8. b3 {[%emt 0:11:38]} Be7 {[%emt 0:06:15]} 9. Bb2 {[%emt 0:03:38]} O-O {[%emt 0:03:05]} 10. Qc2 {[%emt 0:16:40]} Bxf3 {[%emt 0:17:11]} 11. Nxf3 {[%emt 0:01:28]} g6 {[%emt 0:00:08]} 12. Qe2 {[%emt 0:03:17]} Ne4 {[%emt 0:04:58]} 13. Ne1 {[%emt 0:06:44]} Bd6 {[%emt 0:02:26]} 14. f4 {[%emt 0:02:08]} f5 {[%emt 0:04:42]} 15. g4 {[%emt 0:10:09]} Kf7 {[%emt 0:09:24]} 16. Nf3 {[%emt 0:02:48]} Be7 {[%emt 0:01:41]} 17. Kh1 {[%emt 0:02:09]} Rg8 {[%emt 0:03:48]} 18. Bxe4 {[%emt 0:04:40]} dxe4 {[%emt 0:00:49]} 19. Ne5+ {[%emt 0:00:21]} Nxe5 {[%emt 0:00:44]} 20. fxe5 {[%emt 0:02:02]} Bg5 {[%emt 0:08:29]} 21. Rad1 {[%emt 0:00:39]} Qa5 {[%emt 0:01:00]} 22. gxf5 {[%emt 0:01:37]} gxf5 {[%emt 0:00:28]} 23. d5 cxd5 {[%emt 0:01:29]} 24. cxd5 {[%emt 0:00:51]} 1-0

[Event "SVK-ch Open 2018"]
[Site "Banska Stiavnica"]
[Date "2018.07.11"]
[Round "5"]
[White "Balogh, Peter"]
[Black "Sosovicka, Jakub"]
[Result "1-0"]
[WhiteElo "2097"]
[BlackElo "2078"]
[Annotator "NA"]
[PlyCount "85"]
[EventDate "2018.07.07"]
[EventType "swiss"]
[EventCountry "SVK"]
[SourceTitle "playchess.com"]
[Source "ChessBase"]
[SourceQuality "1"]
[TimeControl "40/5400+30:1800+30"]

1. e4 {[%emt 0:00:58]} c5 {[%emt 0:00:00]} 2. Nf3 {[%emt 0:00:04]} d6 {[%emt 0:00:00]} 3. d4 {[%emt 0:00:03]} cxd4 {[%emt 0:00:00]} 4. Nxd4 {[%emt 0:00:05]} Nf6 {[%emt 0:00:00]} 5. Nc3 {[%emt 0:00:04]} a6 {[%emt 0:00:04]} 6. f4 {[%emt 0:00:05]} e5 {[%emt 0:01:59]} 7. Nf3 {[%emt 0:00:07]} Nbd7 {[%emt 0:02:20]} 8. a4 {[%emt 0:00:09]} Be7 {[%emt 0:02:06]} 9. Bd3 {[%emt 0:00:08]} O-O {[%emt 0:01:07]} 10. O-O {[%emt 0:00:07]} exf4 {[%emt 0:10:09]} 11. Bxf4 {[%emt 0:00:22]} Qb6+ {[%emt 0:10:22]} 12. Kh1 {[%emt 0:01:17]} Qxb2 {[%emt 0:01:20]} 13. Nd5 {[%emt 0:00:09]} Nxd5 {[%emt 0:03:38]} 14. exd5 {[%emt 0:00:07]} Nf6 {[%emt 0:03:46]} 15. c4 {[%emt 0:12:24]} Qb6 {[%emt 0:08:11]} 16. Qc2 {[%emt 0:07:43]} Bg4 {[%emt 0:06:53]} 17. Rab1 {[%emt 0:02:27]} Qc7 {[%emt 0:01:15]} 18. Nd4 {[%emt 0:00:39]} Rac8 {[%emt 0:06:54]} 19. Qf2 {[%emt 0:05:52]} Rfe8 {[%emt 0:14:30]} 20. Qg3 {[%emt 0:17:10]} Kh8 {[%emt 0:12:49]} 21. Bg5 {[%emt 0:10:23]} Bh5 {[%emt 0:03:07]} 22. Qh4 {[%emt 0:18:14]} Bg6 {[%emt 0:02:08]} 23. Ne6 {[%emt 0:00:52]} Bxd3 {[%emt 0:05:33]} 24. Nxc7 {[%emt 0:02:23]} Rxc7 {[%emt 0:00:01]} 25. Rfe1 {[%emt 0:07:35]} Rxc4 {[%emt 0:02:17]} 26. Qxc4 {[%emt 0:03:55]} Bxc4 {[%emt 0:00:05]} 27. Bxf6 {[%emt 0:00:10]} gxf6 {[%emt 0:00:05]} 28. Rxb7 {[%emt 0:00:07]} Bxd5 {[%emt 0:01:24]} 29. Rbxe7 {[%emt 0:00:37]} Rxe7 {[%emt 0:00:13]} 30. Rxe7 {[%emt 0:00:05]} Bc6 {[%emt 0:02:10]} 31. Rxf7 {[%emt 0:00:53]} Bxa4 {[%emt 0:00:06]} 32. Rxf6 {[%emt 0:00:13]} d5 {[%emt 0:00:13]} 33. Rxa6 {[%emt 0:00:20]} Bc2 {[%emt 0:00:21]} 34. Kg1 {[%emt 0:01:02]} Be4 {[%emt 0:00:30]} 35. Kf2 {[%emt 0:00:31]} Kg7 {[%emt 0:00:07]} 36. g3 {[%emt 0:00:11]} h5 {[%emt 0:00:46]} 37. h4 {[%emt 0:00:57]} Kh7 {[%emt 0:01:23]} 38. Ke3 {[%emt 0:00:10]} Kg7 {[%emt 0:00:09]} 39. Kf4 {[%emt 0:00:26]} Bg2 {[%emt 0:00:54]} 40. Kg5 {[%emt 0:01:05]} Bf3 {[%emt 0:00:17]} 41. Ra7+ {[%emt 0:30:53]} Kg8 {[%emt 0:01:06]} 42. Ra3 {[%emt 0:00:00]} Be2 {[%emt 0:00:27]} 43. Re3 {[%emt 0:00:00]} 1-0

[Event "SVK-ch Open 2018"]
[Site "Banska Stiavnica"]
[Date "2018.07.11"]
[Round "5"]
[White "Bochnicka, Vladimir"]
[Black "Weis, Dusan"]
[Result "1-0"]
[WhiteElo "2092"]
[BlackElo "1818"]
[Annotator "NA"]
[PlyCount "53"]
[EventDate "2018.07.07"]
[EventType "swiss"]
[EventCountry "SVK"]
[SourceTitle "playchess.com"]
[Source "ChessBase"]
[SourceQuality "1"]
[TimeControl "40/5400+30:1800+30"]

1. e4 {[%emt 0:00:00]} e5 {[%emt 0:00:00]} 2. Nf3 {[%emt 0:00:01]} Nc6 {[%emt 0:00:00]} 3. Bc4 {[%emt 0:00:12]} Bc5 {[%emt 0:00:00]} 4. c3 {[%emt 0:00:13]} Nf6 {[%emt 0:00:00]} 5. d3 {[%emt 0:00:07]} h6 {[%emt 0:00:24]} 6. Nbd2 {[%emt 0:00:13]} d6 {[%emt 0:00:26]} 7. Nf1 {[%emt 0:00:36]} O-O {[%emt 0:04:02]} 8. Ng3 {[%emt 0:00:11]} Ne7 {[%emt 0:00:42]} 9. O-O {[%emt 0:00:27]} Be6 {[%emt 0:01:33]} 10. Bb3 {[%emt 0:00:58]} c6 {[%emt 0:01:19]} 11. Bc2 {[%emt 0:06:17]} Qd7 {[%emt 0:07:48]} 12. d4 {[%emt 0:02:44]} exd4 {[%emt 0:00:38]} 13. cxd4 {[%emt 0:00:01]} Bb6 {[%emt 0:01:37]} 14. a3 {[%emt 0:04:51]} Bg4 {[%emt 0:03:35]} 15. Be3 {[%emt 0:05:11]} Qc7 {[%emt 0:15:12]} 16. h3 {[%emt 0:01:55]} Be6 {[%emt 0:04:26]} 17. Rc1 {[%emt 0:04:04]} Kh8 {[%emt 0:05:11]} 18. Qd2 {[%emt 0:05:39]} Nfg8 {[%emt 0:02:50]} 19. Rfe1 {[%emt 0:06:54]} Rad8 {[%emt 0:09:41]} 20. Nh4 {[%emt 0:07:09]} d5 {[%emt 0:10:12]} 21. e5 {[%emt 0:00:18]} f5 {[%emt 0:00:24]} 22. exf6 {[%emt 0:06:05]} Nxf6 {[%emt 0:02:30]} 23. Bxh6 {[%emt 0:01:57]} Bf7 {[%emt 0:03:12]} 24. Bxg7+ {[%emt 0:00:39]} Kxg7 {[%emt 0:00:37]} 25. Qg5+ {[%emt 0:00:06]} Ng6 {[%emt 0:01:51]} 26. Ngf5+ {[%emt 0:01:06]} Kh7 {[%emt 0:01:37]} 27. Qh6+ 1-0

[Event "SVK-ch Open 2018"]
[Site "Banska Stiavnica"]
[Date "2018.07.11"]
[Round "5"]
[White "Lukac, Roman"]
[Black "Gombar, Peter"]
[Result "1-0"]
[WhiteElo "2089"]
[BlackElo "1974"]
[Annotator "NA"]
[PlyCount "107"]
[EventDate "2018.07.07"]
[EventType "swiss"]
[EventCountry "SVK"]
[SourceTitle "playchess.com"]
[Source "ChessBase"]
[SourceQuality "1"]
[TimeControl "40/5400+30:1800+30"]

1. e4 {[%emt 0:13:15]} b6 {[%emt 0:00:00]} 2. d4 {[%emt 0:00:58]} Bb7 {[%emt 0:00:00]} 3. Nc3 {[%emt 0:00:49]} e6 {[%emt 0:00:03]} 4. Bd3 {[%emt 0:00:38]} Bb4 {[%emt 0:01:09]} 5. Qe2 {[%emt 0:03:22]} Nf6 {[%emt 0:01:19]} 6. a3 {[%emt 0:09:50]} Be7 {[%emt 0:02:58]} 7. f4 {[%emt 0:07:52]} c5 {[%emt 0:06:16]} 8. Nf3 {[%emt 0:01:04]} cxd4 {[%emt 0:01:20]} 9. Nxd4 {[%emt 0:00:46]} Nc6 {[%emt 0:00:37]} 10. Nf3 {[%emt 0:04:30]} d5 {[%emt 0:09:30]} 11. e5 {[%emt 0:01:07]} Nd7 {[%emt 0:03:00]} 12. b4 {[%emt 0:03:29]} Rc8 {[%emt 0:07:56]} 13. Bd2 {[%emt 0:08:32]} a5 {[%emt 0:08:18]} 14. b5 {[%emt 0:22:19]} Ncb8 {[%emt 0:01:12]} 15. O-O {[%emt 0:01:37]} Nc5 {[%emt 0:03:10]} 16. Kh1 {[%emt 0:05:37]} Nbd7 {[%emt 0:03:54]} 17. Nd4 {[%emt 0:03:30]} Nxd3 {[%emt 0:04:53]} 18. cxd3 {[%emt 0:00:09]} Nc5 {[%emt 0:02:49]} 19. f5 {[%emt 0:01:50]} exf5 {[%emt 0:19:34]} 20. Rxf5 {[%emt 0:01:28]} Ne6 {[%emt 0:01:51]} 21. Qf2 {[%emt 0:03:02]} Nxd4 {[%emt 0:01:54]} 22. Qxd4 {[%emt 0:00:02]} g6 {[%emt 0:01:49]} 23. e6 {[%emt 0:01:40]} f6 {[%emt 0:01:32]} 24. Rf3 {[%emt 0:01:20]} Bc5 {[%emt 0:05:50]} 25. Qh4 {[%emt 0:00:56]} f5 {[%emt 0:01:40]} 26. Bg5 {[%emt 0:00:45]} Be7 {[%emt 0:00:24]} 27. Qd4 {[%emt 0:00:20]} Rg8 {[%emt 0:00:35]} 28. h4 {[%emt 0:01:11]} h6 {[%emt 0:03:00]} 29. Bxe7 {[%emt 0:00:40]} Kxe7 {[%emt 0:00:16]} 30. h5 {[%emt 0:00:34]} Rxc3 {[%emt 0:02:06]} 31. Qxc3 {[%emt 0:00:39]} d4 {[%emt 0:00:07]} 32. Qd2 {[%emt 0:01:02]} Bxf3 {[%emt 0:00:48]} 33. gxf3 {[%emt 0:00:17]} Qd5 {[%emt 0:01:12]} 34. Qf4 {[%emt 0:00:29]} Qd6 {[%emt 0:01:52]} 35. Qxh6 {[%emt 0:00:21]} Qxe6 {[%emt 0:01:26]} 36. Rc1 {[%emt 0:00:53]} Rc8 {[%emt 0:01:46]} 37. Qg7+ {[%emt 0:00:19]} Kd6 {[%emt 0:00:56]} 38. Qxd4+ {[%emt 0:00:30]} Ke7 {[%emt 0:00:07]} 39. Qg7+ {[%emt 0:00:31]} Kd6 {[%emt 0:00:14]} 40. Rxc8 {[%emt 0:01:01]} Qxc8 {[%emt 0:00:08]} 41. Qxg6+ {[%emt 0:30:08]} Ke5 {[%emt 0:30:29]} 42. Qg3+ {[%emt 0:00:00]} Kf6 {[%emt 0:00:00]} 43. Qh4+ {[%emt 0:00:00]} Ke5 {[%emt 0:00:00]} 44. Qc4 {[%emt 0:00:00]} Qd8 {[%emt 0:00:00]} 45. f4+ {[%emt 0:00:00]} Kf6 {[%emt 0:00:00]} 46. Kh2 {[%emt 0:00:00]} Kg7 {[%emt 0:00:00]} 47. Kh3 {[%emt 0:00:00]} Kf6 {[%emt 0:00:00]} 48. Qc6+ {[%emt 0:00:04]} Ke7 {[%emt 0:00:00]} 49. Qc3 {[%emt 0:00:21]} Kf7 {[%emt 0:00:00]} 50. Qc4+ {[%emt 0:01:15]} Kf6 {[%emt 0:00:00]} 51. Kg3 {[%emt 0:01:05]} Ke7 {[%emt 0:00:00]} 52. Kf3 {[%emt 0:00:51]} Kf6 {[%emt 0:00:00]} 53. Qc6+ {[%emt 0:00:34]} Ke7 {[%emt 0:00:00]} 54. Ke3 {[%emt 0:00:15]} 1-0